=LDR 00000nam 2200000 4500 =001 INLIS000000000043376 =005 20131008103130 =008 ***********************************ind** =035 ##$$0010-101300000001298 =041 ##$$a ind =082 ##$$a 616.120 754 7 =090 ##$$a 616.120 754 7, Meu e =100 ##$$a MEURS, A.A.H =245 ##$$a Elektokardiografi praktis (praktische elektrocardiografie), A.A.H. Meurs; alih bahasa Harjono Joyoadisuprapto =260 ##$$a 1995 $b Jakarta =300 ##$$a viii, 272 hlm, 28 cm =650 ##$$a ELEKTROKARDIOGRAFI =850 ##$$a NBPNMAT